000 005660000a22001930004500
999 _c49117
_d49117
001 1967
003 CO-MdFUSB
005 20170818164358.0
008 170818b xxu||||| |||| 00| 0 eng d
020 _a978-84-414-1958-2
040 _cCO-MdBIC
082 0 4 _a863N Ar72d
100 1 _ade Cervantes, Miguel
245 1 0 _aDon Quijote de la Mancha / Miguel de Cervantes ; selección y adaptación León Arsenal ; ilustraiones Ricardo Sánchez
260 _aMadrid : EDAF, S.L.
300 _a137 P.
650 1 4 _aNovela española \ Cuentos Clasicos
942 _cLGB